| 000 | 00727nas a2200253 i 4500 | ||
|---|---|---|---|
| 001 | 2604 | ||
| 003 | ES-MaACL | ||
| 005 | 20250709063210.0 | ||
| 007 | t| | ||
| 008 | 950801d1870 fr | | 1 ||re d | ||
| 080 | _a(059)(44) | ||
| 245 | 0 | 0 |
_aAlmanach des parisiennes / _cpar Grévin |
| 260 |
_aParis : _bDépôt central des almanachs, _c[ca. 1870] |
||
| 300 |
_av ; _c21 cm. |
||
| 310 | _aAnual | ||
| 362 | 0 | _aComenzó en 1870 | |
| 655 | 0 |
_aAlmanaques _9241262 |
|
| 700 | 1 |
_aGrévin, Alfred, _d1827-1892 _epbd _9159846 |
|
| 852 |
_aES-MaACL _cDEPOF _hDonativo Haes _jT-214-F-5 _xEn lomo: Haes |
||
| 866 | 0 | _o1870. | |
| 942 |
_2udc _cPERIODICA _n0 |
||
| 999 |
_c2604 _d2604 |
||